Culture générale par lettre - T. - Statistiques

Statistiques générales
  • Ce quiz a été pris 3 989 fois
    3 889 depuis la dernière actualisation
  • Le résultat moyen est 12 sur 15
Statistiques - réponses
Questions Réponses % Correct
Constructeur automobiles électriques, dont le PDG est Elon Musk. Tesla
97%
Sport pratiqué par les sœurs Williams, Américaine. Tennis
95%
Nom du palais situé à Agra, en Inde, classé au patrimoine mondial. Taj Mahal
89%
Personnage de bande dessiné et dessin animé, qui possède une très grande mèche blonde sur la tête. Titeuf
88%
Ville Française surnommé la ville Rose. Toulouse
88%
Célèbre jeu vidéo de puzzle conçu par Alekseï Pajitnov, dans lequel le joueur doit superposer des briques afin de faire des lignes. Tétris
87%
Muscle situé à l'arrière du bras. Triceps.
84%
Réalisateur des films "Pulp Fiction" et "Kill Bill". Quentin Tarantino
83%
Personnage de fiction représentant l’enfant sauvage élevé par les Grands Singes dans la jungle africaine. Tarzan
82%
Animal qui peut être "léopard", "plate" ou "géante des Galápagos". Tortue
77%
Invention pour laquelle est surtout connu Alexander Graham Bell. Téléphone
76%
Ancien état souverain d'Europe centrale, de 1918 à 1992, qui regroupait certains pays actuel comme la Tchéquie ou la Slovaquie. Tchécoslovaquie.
72%
Écrivain, auteur notamment du "Seigneur des anneaux" et du "Hobbit". John Ronald Reuel Tolkien
63%
Groupe Français, interprète de "Désolé pour hier soir" et "Serre moi". Tryo
57%
Sa capitale est N'Djamena. Tchad
49%
Aucun quiz correspondant
Distribution des résultats
% des personnes avec chaque résultat
Percentile par nombre de réponses
Votre historique - résultats
Vous n’avez pas pris ce quiz depuis la dernière actualisation